<?xml version="1.0" encoding="UTF-8"?>
<record
    xmlns:xsi="http://www.w3.org/2001/XMLSchema-instance"
    xsi:schemaLocation="http://www.loc.gov/MARC21/slim http://www.loc.gov/standards/marcxml/schema/MARC21slim.xsd"
    xmlns="http://www.loc.gov/MARC21/slim">

  <leader>01723nam a2200277 a 4500</leader>
  <controlfield tag="008">120416s2005    ||||||||||||||||| ||    u</controlfield>
  <datafield tag="020" ind1=" " ind2=" ">
    <subfield code="a">0821358634</subfield>
  </datafield>
  <datafield tag="100" ind1=" " ind2=" ">
    <subfield code="a">Beghin, John C</subfield>
  </datafield>
  <datafield tag="245" ind1="1" ind2="0">
    <subfield code="a">Global agricultural trade and developing countries</subfield>
    <subfield code="c">edited by M. Ataman Aksoy and John C. Beghin</subfield>
  </datafield>
  <datafield tag="260" ind1=" " ind2=" ">
    <subfield code="a">Washington, D.C.:</subfield>
    <subfield code="b">World Bank</subfield>
    <subfield code="c">2005</subfield>
  </datafield>
  <datafield tag="300" ind1=" " ind2=" ">
    <subfield code="a">xviii, 329p.: ill. + CD-ROM</subfield>
  </datafield>
  <datafield tag="350" ind1=" " ind2=" ">
    <subfield code="a">0.00</subfield>
  </datafield>
  <datafield tag="490" ind1=" " ind2=" ">
    <subfield code="a">Trade and decvelopment series</subfield>
  </datafield>
  <datafield tag="500" ind1=" " ind2=" ">
    <subfield code="a">Text accompanied by a CD copy</subfield>
  </datafield>
  <datafield tag="650" ind1=" " ind2=" ">
    <subfield code="a">AGRICULTURE</subfield>
  </datafield>
  <datafield tag="650" ind1=" " ind2=" ">
    <subfield code="a">PRODUCE TRADE--DEVELOPING COUNTRIES</subfield>
  </datafield>
  <datafield tag="650" ind1=" " ind2=" ">
    <subfield code="a">PRODUCE TRADE--GOVERNMENT POLICY--DEVELOPING COUNTRIES</subfield>
  </datafield>
  <datafield tag="700" ind1=" " ind2=" ">
    <subfield code="a">Aksoy, M. Ataman</subfield>
  </datafield>
  <datafield tag="710" ind1=" " ind2=" ">
    <subfield code="a">World Bank</subfield>
  </datafield>
  <datafield tag="995" ind1=" " ind2=" ">
    <subfield code="a">MEDICAL LIBRARY OPEN ACCESS</subfield>
    <subfield code="e">903625</subfield>
    <subfield code="F">CBU-SCHOOL OF MEDICINE LIBRARY (Ndola)</subfield>
    <subfield code="I">0.00</subfield>
    <subfield code="j">HD 9018.D44 Glo</subfield>
    <subfield code="M">6</subfield>
    <subfield code="U">AVAILABLE</subfield>
    <subfield code="W">May 9, 2016</subfield>
    <subfield code="y">903625</subfield>
    <subfield code="Z">Medical Library Open Access Collection</subfield>
  </datafield>
  <datafield tag="995" ind1=" " ind2=" ">
    <subfield code="a">MAIN LIBRARY OPEN ACCESS</subfield>
    <subfield code="e">745970</subfield>
    <subfield code="F">CBU-MAIN LIBRARY (Kitwe)</subfield>
    <subfield code="I">0.00</subfield>
    <subfield code="j">HD 9018.D44 Glo</subfield>
    <subfield code="M">3</subfield>
    <subfield code="U">AVAILABLE</subfield>
    <subfield code="W">Apr 25, 2016</subfield>
    <subfield code="y">745971</subfield>
    <subfield code="Z">Main Library Open Access Collection</subfield>
  </datafield>
  <datafield tag="995" ind1=" " ind2=" ">
    <subfield code="a">SPECIAL COLLECTIONS</subfield>
    <subfield code="e">500434</subfield>
    <subfield code="F">CBU-DAG HAMMARSKJOLD INSTITUTE LIBRARY</subfield>
    <subfield code="I">0.00</subfield>
    <subfield code="j">HD 9018.D44 Glo</subfield>
    <subfield code="M">5</subfield>
    <subfield code="U">AVAILABLE</subfield>
    <subfield code="W">May 9, 2016</subfield>
    <subfield code="y">500434</subfield>
    <subfield code="Z">DHIPS Book Collection</subfield>
  </datafield>
  <datafield tag="995" ind1=" " ind2=" ">
    <subfield code="a">SPECIAL COLLECTIONS</subfield>
    <subfield code="e">500433</subfield>
    <subfield code="F">CBU-DAG HAMMARSKJOLD INSTITUTE LIBRARY</subfield>
    <subfield code="I">0.00</subfield>
    <subfield code="j">HD 9018.D44 Glo</subfield>
    <subfield code="M">4</subfield>
    <subfield code="U">AVAILABLE</subfield>
    <subfield code="W">May 9, 2016</subfield>
    <subfield code="y">500433</subfield>
    <subfield code="Z">DHIPS Book Collection</subfield>
  </datafield>
  <datafield tag="995" ind1=" " ind2=" ">
    <subfield code="a">MAIN LIBRARY OPEN ACCESS</subfield>
    <subfield code="e">745970</subfield>
    <subfield code="F">CBU-MAIN LIBRARY (Kitwe)</subfield>
    <subfield code="I">45.00</subfield>
    <subfield code="j">HD 9018.D44 Glo</subfield>
    <subfield code="M">2</subfield>
    <subfield code="U">AVAILABLE</subfield>
    <subfield code="W">Apr 25, 2016</subfield>
    <subfield code="y">745970</subfield>
    <subfield code="Z">Main Library Open Access Collection</subfield>
  </datafield>
  <datafield tag="995" ind1=" " ind2=" ">
    <subfield code="a">SPECIAL COLLECTIONS</subfield>
    <subfield code="D">0.00</subfield>
    <subfield code="e">IBRD(02)2005/36</subfield>
    <subfield code="F">CBU-MAIN LIBRARY (Kitwe)</subfield>
    <subfield code="H">1</subfield>
    <subfield code="I">0.00</subfield>
    <subfield code="j">IBRD(02)2005/ 36</subfield>
    <subfield code="M">1</subfield>
    <subfield code="U">AVAILABLE</subfield>
    <subfield code="y">56207</subfield>
    <subfield code="Z">International Publications</subfield>
  </datafield>
  <datafield tag="999" ind1=" " ind2=" ">
    <subfield code="c">63904</subfield>
    <subfield code="d">63904</subfield>
  </datafield>
</record>
